000
00290nam a22001337a 4500
008
180104b xxu||||| |||| 00| 0 eng d
020
_a
9780847823444
041
_a
eng
080
_a
710
100
_a
41
101
_a
ART
245
_a
The Best of Pirelli
_c
Laurenzi, L
942
_2
udc
_c
BK
999
_c
39667
_d
39667